<?xml version="1.0" encoding="UTF-8"?><?xml-stylesheet type="text/xsl" href="static/style.xsl"?><OAI-PMH xmlns="http://www.openarchives.org/OAI/2.0/" xmlns:xsi="http://www.w3.org/2001/XMLSchema-instance" xsi:schemaLocation="http://www.openarchives.org/OAI/2.0/ http://www.openarchives.org/OAI/2.0/OAI-PMH.xsd"><responseDate>2026-06-01T02:05:42Z</responseDate><request verb="GetRecord" identifier="oai:riuma.uma.es:10630/45137" metadataPrefix="marc">https://riuma.uma.es/rest/oai/request</request><GetRecord><record><header><identifier>oai:riuma.uma.es:10630/45137</identifier><datestamp>2026-02-04T00:45:20Z</datestamp><setSpec>com_10630_1685</setSpec><setSpec>col_10630_38055</setSpec></header><metadata><record xmlns="http://www.loc.gov/MARC21/slim" xmlns:dcterms="http://purl.org/dc/terms/" xmlns:doc="http://www.lyncode.com/xoai" xmlns:xsi="http://www.w3.org/2001/XMLSchema-instance" xsi:schemaLocation="http://www.loc.gov/MARC21/slim http://www.loc.gov/standards/marcxml/schema/MARC21slim.xsd">
   <leader>00925njm 22002777a 4500</leader>
   <datafield ind2=" " ind1=" " tag="042">
      <subfield code="a">dc</subfield>
   </datafield>
   <datafield ind2=" " ind1=" " tag="720">
      <subfield code="a">Martín Vera, Sergio</subfield>
      <subfield code="e">author</subfield>
   </datafield>
   <datafield ind2=" " ind1=" " tag="260">
      <subfield code="c">2025-06</subfield>
   </datafield>
   <datafield ind2=" " ind1=" " tag="520">
      <subfield code="a">Este Trabajo de Fin de Grado tiene como objetivo evaluar el rendimiento de
distintos modelos de redes neuronales profundas en la clasificación de imágenes
de resonancia magnética (RM) cerebral relacionadas con el diagnóstico de la demencia.
La demencia es un trastorno neurológico progresivo que afecta gravemente
a las capacidades cognitivas, por lo que su detección temprana resulta esencial
para mejorar tanto el tratamiento como la calidad de vida del paciente. Las resonancias
magnéticas ofrecen una técnica no invasiva que permite observar con
detalle posibles alteraciones estructurales en el cerebro asociadas a esta enfermedad.
El proyecto analiza el comportamiento de diez arquitecturas de redes convolucionales
disponibles en la librería TensorFlow: InceptionV3, ResNet50, Res-
Net50V2, ResNet101, ResNet101V2, ResNet152, ResNet152V2, VGG16, VGG19 y
Xception. Para ello se ha utilizado un conjunto de datos público y etiquetado,
compuesto por imágenes de resonancia magnética cerebral.
Además, se ha desarrollado una interfaz gráfica de usuario mediante el framework
Gradio, que permite cargar conjuntos de datos, entrenar modelos, evaluarlos
y mostrar métricas clave como precisión, pérdida, matrices de confusión e informes
de clasificación.
Esta herramienta facilita el análisis comparativo de los modelos y su posible
aplicación en entornos clínicos reales.</subfield>
   </datafield>
   <datafield ind1="8" ind2=" " tag="024">
      <subfield code="a">https://hdl.handle.net/10630/45137</subfield>
   </datafield>
   <datafield tag="653" ind2=" " ind1=" ">
      <subfield code="a">Informática - Trabajos Fin de Grado</subfield>
   </datafield>
   <datafield tag="653" ind2=" " ind1=" ">
      <subfield code="a">Grado en Ingeniería de la Salud - Trabajos Fin de Grado</subfield>
   </datafield>
   <datafield ind2="0" ind1="0" tag="245">
      <subfield code="a">Estudio del rendimiento de varios modelos de redes neuronales con imágenes de resonancia magnética asociadas a la demencia</subfield>
   </datafield>
</record>
</metadata></record></GetRecord></OAI-PMH>